Les rivières et fleuves de France - Carte Quiz - Statistiques

Statistiques générales
  • Ce quiz a été pris 33 763 fois
  • Le résultat moyen est 16 sur 33
Réponses sur la Carte
Les réponses sont colorées sur une échelle allant du rouge au vert en fonction du pourcentage des utilisateurs qui les ont devinées à leur premier essai. Vous pouvez retrouver ces pourcentages ci-dessous.
 
Statistiques - réponses
Réponse % Correct
Seine
88%
Loire
84%
Rhône
82%
Garonne
80%
Rhin
79%
Moselle
59%
Charente
58%
Dordogne
56%
Marne
53%
Saône
53%
Var
52%
Lot
49%
Meuse
49%
Tavignano
49%
Doubs
47%
Somme
47%
Vilaine
47%
Isère
46%
Cher
43%
Sarthe
43%
Eure
41%
Maroni
41%
Vienne
41%
Ain
40%
Aude
40%
Oise
40%
Allier
39%
Yonne
38%
Adour
33%
Aisne
33%
Durance
28%
Escaut
27%
Aulne
21%
Aucun quiz correspondant
Distribution des résultats
% des personnes avec chaque résultat
Percentile par nombre de réponses
Votre historique - résultats
Vous n’avez pas pris ce quiz